| 000 | 00682 a2200193 4500 | ||
|---|---|---|---|
| 020 | _a0852976100 | ||
| 020 | _a9780852976104 | ||
| 082 | 0 | 4 | _a657 |
| 090 |
_c2369 _d2369 |
||
| 100 | 1 | _aEdwards, J.R. | |
| 245 | 1 | 0 |
_aModern accounting in the financial service : _baccounting for banking students / _cJ.R. Edwards. |
| 260 |
_a[S.l.] : _bFinancial World Publishing, _c2001. |
||
| 300 |
_a656 p. ; _c21 cm. |
||
| 500 | _aPaperback. | ||
| 700 | 1 | _aMellett, H.J. | |
| 856 | 4 | 0 |
_3Amazon.com _uhttp://www.amazon.com/exec/obidos/ASIN/0852976100/chopaconline-20 |
| 856 | 4 | 0 |
_3Amazon customer reviews _uhttp://www.chopac.org/cgi-bin/tools/azrev.pl?q=0852976100 |
| 942 |
_aNBS _cBK _k657.05 EDW |
||
| 999 |
_c344867 _d344867 |
||